Quản trị kinh doanh bán lẻ trực tuyến
Nội dung sách trình bày tổng quan về quản trị bán lẻ; bán lẻ trực tuyến; quản trị bán lẻ trực tuyến; website và hệ thống thông tin bán lẻ trực tuyến
Сохранить в:
| Главный автор: | |
|---|---|
| Формат: | |
| Язык: | Vietnamese |
| Опубликовано: |
H.
Thông tin và truyền thông
2018
|
| Предметы: | |
| Метки: |
Добавить метку
Нет меток, Требуется 1-ая метка записи!
|
| Thư viện lưu trữ: | Thư viện Trường Đại học Nam Cần Thơ |
|---|
| LEADER | 02427nam a22003017a 4500 | ||
|---|---|---|---|
| 001 | NCT_77394 | ||
| 008 | 200326b xxu||||| |||| 00| 0 vie d | ||
| 999 | |c 3768 |d 3768 | ||
| 020 | |a 9786048035051 |c 85000 | ||
| 082 | |2 23rd ed. |a 658.872 |b Th123 | ||
| 100 | 1 | |a Trần Thị Thập | |
| 245 | 1 | 0 | |a Quản trị kinh doanh bán lẻ trực tuyến |c Trần Thị Thập |
| 260 | |a H. |b Thông tin và truyền thông |c 2018 | ||
| 300 | |a 284 tr. |b Minh họa |c 21cm | ||
| 520 | 3 | |a Nội dung sách trình bày tổng quan về quản trị bán lẻ; bán lẻ trực tuyến; quản trị bán lẻ trực tuyến; website và hệ thống thông tin bán lẻ trực tuyến | |
| 653 | |a Quản trị kinh doanh | ||
| 942 | |2 ddc |c BK | ||
| 952 | |0 0 |1 0 |2 ddc |4 0 |6 658_872000000000000_TH123 |7 0 |9 19302 |a 000001 |b 000001 |d 2020-03-26 |o 658.872 Th123 |p MD.16972 |r 2020-03-26 |v 85000.00 |w 2020-03-26 |y BK | ||
| 952 | |0 0 |1 0 |2 ddc |4 0 |6 658_872000000000000_TH123 |7 0 |9 19303 |a 000001 |b 000001 |d 2020-03-26 |o 658.872 Th123 |p MD.16973 |r 2020-03-26 |v 85000.00 |w 2020-03-26 |y BK | ||
| 952 | |0 0 |1 0 |2 ddc |4 0 |6 658_872000000000000_TH123 |7 0 |9 19304 |a 000001 |b 000001 |d 2020-03-26 |l 1 |o 658.872 Th123 |p MD.16974 |r 2020-08-27 |s 2020-08-20 |v 85000.00 |w 2020-03-26 |y BK | ||
| 952 | |0 0 |1 0 |2 ddc |4 0 |6 658_872000000000000_TH123 |7 0 |9 19305 |a 000001 |b 000001 |d 2020-03-26 |o 658.872 Th123 |p MD.16975 |r 2020-03-26 |v 85000.00 |w 2020-03-26 |y BK | ||
| 952 | |0 0 |1 0 |2 ddc |4 0 |6 658_872000000000000_TH123 |7 0 |9 19306 |a 000001 |b 000001 |d 2020-03-26 |o 658.872 Th123 |p MD.16976 |r 2020-03-26 |v 85000.00 |w 2020-03-26 |y BK | ||
| 952 | |0 0 |1 0 |2 ddc |4 0 |6 658_872000000000000_TH123 |7 0 |9 19307 |a 000001 |b 000001 |d 2020-03-26 |o 658.872 Th123 |p MD.16977 |r 2020-03-26 |v 85000.00 |w 2020-03-26 |y BK | ||
| 952 | |0 0 |1 0 |2 ddc |4 0 |6 658_872000000000000_TH123 |7 0 |9 19308 |a 000001 |b 000001 |d 2020-03-26 |l 1 |o 658.872 Th123 |p MD.16978 |r 2021-03-16 |s 2021-03-03 |v 85000.00 |w 2020-03-26 |y BK | ||
| 952 | |0 0 |1 0 |2 ddc |4 0 |6 658_872000000000000_TH123 |7 0 |9 19309 |a 000001 |b 000001 |d 2020-03-26 |o 658.872 Th123 |p MD.16979 |r 2020-03-26 |v 85000.00 |w 2020-03-26 |y BK | ||
| 952 | |0 0 |1 0 |2 ddc |4 0 |6 658_872000000000000_TH123 |7 0 |9 19310 |a 000001 |b 000001 |d 2020-03-26 |o 658.872 Th123 |p MD.16980 |r 2020-03-26 |v 85000.00 |w 2020-03-26 |y BK | ||
| 952 | |0 0 |1 0 |2 ddc |4 0 |6 658_872000000000000_TH123 |7 0 |9 19311 |a 000001 |b 000001 |d 2020-03-26 |o 658.872 Th123 |p MD.16981 |r 2020-03-26 |v 85000.00 |w 2020-03-26 |y BK | ||
| 980 | |a Thư viện Trường Đại học Nam Cần Thơ | ||


